For money or love : boy prostitution in America

-д хадгалсан:
Номзүйн дэлгэрэнгүй
Үндсэн зохиолч: Lloyd, Robin
Бусад зохиолчид: Bayh, Birch Senator
Формат: Ном
Хэл сонгох:англи
Шошгууд: Шошго нэмэх
Шошго байхгүй, Энэхүү баримтыг шошголох эхний хүн болох!

MARC

LEADER 00000nam a2200000 4500
001 CDOM0000002679
003 mi
005 20250915122823.0
008 250915b |||||||| |||| 00| 0 eng d
040 |c mi 
100 |a Lloyd, Robin 
245 1 |a For money or love :  |b boy prostitution in America  
700 |a Bayh, Birch Senator 
942 |2 ddc  |c BK 
952 |0 0  |1 0  |2 ddc  |4 0  |7 0  |9 6137  |a MI  |b MI  |d 1988-02-18  |i 828  |l 0  |p CDOM828  |r 2025-07-13 16:28:00  |w 2025-07-13  |x ACQUISTO  |y BK 
999 |c 4909  |d 4909